El vídeo y las vanguardias históricas
Bewaard in:
| Hoofdauteur: | |
|---|---|
| Formaat: | Boek |
| Taal: | Spaans |
| Gepubliceerd in: |
Barcelona
Universitat de Barcelona
1997
|
| Editie: | 1a. ed |
| Reeks: | Textos Docents, 95
|
| Onderwerpen: | |
| Tags: |
Voeg label toe
Geen labels, Wees de eerste die dit record labelt!
|
MARC
| LEADER | 00000nam a2200000 a 4500 | ||
|---|---|---|---|
| 001 | UCK2793 | ||
| 003 | CL-VaPUC | ||
| 008 | 050318e19970000SP |||||||||||||||||spa|d | ||
| 020 | |a 8489829551 | ||
| 082 | 0 | 4 | |a 702.81 |b BAI |2 21 |
| 100 | 0 | |a Baigorri Ballarín, Laura |e author |9 490796 | |
| 245 | 1 | 3 | |a El vídeo y las vanguardias históricas |
| 250 | |a 1a. ed | ||
| 300 | |a 92 p | ||
| 942 | |c BK | ||
| 945 | |d 20050318 00:00:00 |a cmena | ||
| 260 | |a Barcelona |b Universitat de Barcelona |c 1997 | ||
| 650 | 0 | |a Videoarte |9 268449 | |
| 650 | 0 | |a Estética |9 264950 | |
| 650 | 0 | |a Filosofía del arte |9 264951 | |
| 650 | 0 | |a Historia del arte |9 314877 | |
| 583 | |a last modification |c 20050318 00:00:00 |k Rodrigo Vera | ||
| 490 | 0 | |a Textos Docents, 95 | |
| 999 | |c 312249 |d 312247 | ||
| 952 | |0 0 |1 0 |4 0 |6 702_810000000000000_BAI_1997 |7 0 |8 A |9 382236 |a BIBART |b BIBART |d 2019-11-21 |i 4099575 |o 702.81 BAI 1997 |p 4099575 |r 2025-03-13 |w 2019-11-21 |y BK |k ART | ||